Economic and Social Development Book of Proceedings of 27th International Scientific Conference on Economic and Social Development, Rome, 1-2 March 2018
Gespeichert in:
| Körperschaften: | , , , |
|---|---|
| Weitere Verfasser: | , , , , |
| Format: | Buch |
| Sprache: | Englisch |
| Veröffentlicht: |
Varazdin
Varazdin Development and Entrepreneurship Agency
2018
|
| Ausgabe: | 1st Edition |
| Schlagworte: | |
| Tags: |
Keine Tags, Fügen Sie das erste Tag hinzu!
|
MARC
| LEADER | 00000nlm a2200000 4500 | ||
|---|---|---|---|
| 001 | 0251151 | ||
| 005 | 20240514074406.5 | ||
| 022 | |a 1849-7535 | ||
| 041 | 0 | |a eng | |
| 044 | |a HR | ||
| 245 | 1 | 0 | |a Economic and Social Development |b Book of Proceedings of 27th International Scientific Conference on Economic and Social Development, Rome, 1-2 March 2018 |c Editors: Marta Bozina Beros, Nicholas Recker, Melita Kozina |
| 250 | |a 1st Edition | ||
| 264 | 1 | |a Varazdin |b Varazdin Development and Entrepreneurship Agency |c 2018 | |
| 300 | |a online 905 s. | ||
| 610 | 2 | 0 | |a rozvoj hospodársky |
| 610 | 2 | 0 | |a rozvoj sociálny |
| 610 | 2 | 0 | |a politika finančná |
| 610 | 2 | 0 | |a banky |
| 610 | 2 | 0 | |a kríza finančná |
| 610 | 2 | 0 | |a podnikanie |
| 610 | 2 | 0 | |a zodpovednosť podniku spoločenská |
| 610 | 2 | 0 | |a Chorvátsko |
| 610 | 2 | 0 | |a Európa |
| 700 | 1 | |a Beros, Marta Bozina | |
| 700 | 1 | |a Recker, Nicholas | |
| 700 | 1 | |a Kozina, Melita | |
| 700 | 1 | |a Klacmer Calopa, Marina | |
| 700 | 1 | |a Aleksić, Ana | |
| 110 | 2 | |a Economic and Social Development. International Scientific Conference | |
| 710 | 2 | |a Varazdin Development and Entrepreneurship Agency | |
| 710 | 2 | |a University North | |
| 710 | 2 | |a University of Warsaw. Faculty of Management | |